Score 0/20 Timer 04:00
1 Play Today
TV Show Answer % Correct
B r _ a k _ _ g   B a dBreaking Bad
98.5%
_ h _   W a _ k _ _ g   D _ a dThe Walking Dead
96.7%
D _ c _ _ r   W h _Doctor Who
95.4%
M _ d _ r _   F a m _ _ yModern Family
93.4%
G a m _   _ f   _ h r _ _ _ _Game of Thrones
92.9%
_ h _   B _ g   B a _ g   _ h _ _ r yThe Big Bang Theory
91.7%
F r _ _ _ d _Friends
89.3%
_ a _ u r d a y _ _ g h _  _ _ _ _Saturday Night Live
88.7%
_ a w   &   _ r d _ rLaw & Order
87.3%
_h_   _ f f _ c _The Office
82.6%
TV Show Answer % Correct
_ _ _ _ _ _ u c yI Love Lucy
78.1%
F r _ a k _ a _ d G _ _ k _Freaks and Geeks
76.5%
A _ _   _ _   _ h _   F a m _ _ yAll in the Family
75.8%
_ h _   W _ _ _   W _ _ gThe West Wing
69.9%
_ h _ _ _ p r a _ _ _ The Sopranos
62.6%
_ h _   _ w _ _ _ g h _   Z _ _ _The Twilight Zone
56.5%
_ h _ G _ _ d _ _ G _ r _ _The Golden Girls
52.1%
_ _ a r _ r _ kStar Trek
46.6%
_ h _   _ _ m p _ _ _ _The Simpsons
41.6%
_ _ _ _ f _ _ dSeinfeld
37.3%
Remove Ads.
Support Sporcle.
Get the best of Sporcle when you Go Orange. This ad-free experience offers more features, more stats, and more fun while also helping to support Sporcle. Thank you for becoming a member.

You're not logged in!

Compare scores with friends on all Sporcle quizzes.
OR
Log In

Show Comments

Extras

Top Quizzes Today


Score Distribution

Your Account Isn't Verified!

In order to create a playlist on Sporcle, you need to verify the email address you used during registration. Go to your Sporcle Settings to finish the process.

Report this User

Report this user for behavior that violates our Community Guidelines.

Details: